Zlaté časy pre pracujúce ženy

Vytrácanie manuálnych a výrobných pozícií v novej znalostnej ekonomike. Budúcnosť práce, ktorá vyžaduje spoločenské zručnosti, očný kontakt a osobnú komunikáciu. Pozícia ženy na pracovnom trhu budúcnosti. Dominancia žien v zdravotníctve a v personálnych službách. Odborné a vysokoškolské vzdelanie ži...

Descrizione completa

Salvato in:
Dettagli Bibliografici
Autore principale: Goudreau, Jenna
Natura: Capitolo di libro
Lingua:slovacco
Soggetti:
Tags: Aggiungi Tag
Nessun Tag, puoi essere il primo ad aggiungerne!!

MARC

LEADER 00000naa a2200000 4500
001 0165623
005 20231013090135.6
041 0 |a slo 
044 |a SK 
245 1 0 |a Zlaté časy pre pracujúce ženy  |c Jenna Goudreau 
520 |a Vytrácanie manuálnych a výrobných pozícií v novej znalostnej ekonomike. Budúcnosť práce, ktorá vyžaduje spoločenské zručnosti, očný kontakt a osobnú komunikáciu. Pozícia ženy na pracovnom trhu budúcnosti. Dominancia žien v zdravotníctve a v personálnych službách. Odborné a vysokoškolské vzdelanie žien. Dominancia mužov vo vede a v inžinieringu. Ženy v strednom manažmente firiem. Presúvanie sa do ekonomiky starostlivosti. 
610 2 0 |a práca 
610 2 0 |a zamestnanie 
610 2 0 |a ženy 
610 2 0 |a muži 
610 2 0 |a vzdelanie 
610 2 0 |a manažéri 
100 1 |a Goudreau, Jenna